000 00882nam0a22002771 4500
001 rc\2217110
005 20110829175645.9
035 _a(NLR Aleph) 006641752
090 _a4701388
_c4701388
100 _a20110829d1979 |||y0rusy50 ca
101 0 _arus
102 _aRU
105 _ay z |||||
200 1 _aРавновесие сильного тока
210 _aМосква
_cИТЭФ
_d1979
215 _a30 с.
_cграф.
_d26
225 1 _aИнститут теоретической и экспериментальной физики
_vИТЭФ-56
320 _aБиблиогр.: с. 29-30
700 1 _aМейерович
_bБ. Э.
_gБорис Эдуардович
701 1 _aСухоруков
_bС. Т.
801 0 _aRU
_bNLR
_gpsbo
801 1 _aRU
_bELAR
_2rusmarc
852 _aNLR
_j79-7/896
899 _aRuMoRGB
_jИн 73-3/33
942 _cBOOK
980 _aNB